000 00531nam a2200169 a 4500
001 19498
005 20180713212940.0
008 140415s1970 000 0 spa d
041 _aspa
082 _a362.5
_bREC
100 1 _aRECALDE, FABIAN
245 1 0 _aPOLITICA ALIMENTARIA Y NUTRICIONAL :
_bCONSIDERACIONES BASICAS PARA SU ESTABLECIMIENTO
260 _a[s.l.] :
_bFONDO DE CULTURA ECONOMICA,
_c1970
300 _a243
490 _aSECCION DE OBRAS DE ECONOMIA
650 1 4 _aALIMENTOS LEGISLACION
_xNUTRICION
999 _c19498
_d19498